MARC details
| 000 -LEADER |
| fixed length control field |
01313cam a2200385 a 4500 |
| 001 - CONTROL NUMBER |
| control field |
16702653 |
| 003 - CONTROL NUMBER IDENTIFIER |
| control field |
BDDh-ASL |
| 005 - DATE AND TIME OF LATEST TRANSACTION |
| control field |
20231015030435.0 |
| 008 - FIXED-LENGTH DATA ELEMENTS--GENERAL INFORMATION |
| fixed length control field |
110322s2011 bg a b 000 0 eng |
| 010 ## - LIBRARY OF CONGRESS CONTROL NUMBER |
| LC control number |
2011321346 |
| 020 ## - INTERNATIONAL STANDARD BOOK NUMBER |
| International Standard Book Number |
9789843323231 |
| 025 ## - OVERSEAS ACQUISITION NUMBER |
| Overseas acquisition number |
B-E-2011-321346; 21-92 |
| 037 ## - SOURCE OF ACQUISITION |
| Source of stock number/acquisition |
Library of Congress -- New Delhi Overseas Office |
| 040 ## - CATALOGING SOURCE |
| Original cataloging agency |
DLC |
| Transcribing agency |
DLC |
| Modifying agency |
DLC |
| -- |
BDDh-ASL |
| 041 0# - LANGUAGE CODE |
| Language code of text/sound track or separate title |
eng |
| -- |
ben |
| 042 ## - AUTHENTICATION CODE |
| Authentication code |
lcode |
| -- |
pcc |
| 043 ## - GEOGRAPHIC AREA CODE |
| Geographic area code |
a-ii--- |
| 050 00 - LIBRARY OF CONGRESS CALL NUMBER |
| Classification number |
DS481.C44 |
| Item number |
S35 2011 |
| 082 ## - DEWEY DECIMAL CLASSIFICATION NUMBER |
| Classification number |
923.5 |
| Item number |
SHA |
| 100 1# - MAIN ENTRY--PERSONAL NAME |
| Personal name |
Shibly, Atful Hye, |
| Dates associated with a name |
1944- |
| 245 10 - TITLE STATEMENT |
| Title |
Abdul Matin Chaudhury (1895-1948) : |
| Remainder of title |
trusted lieutenant of Mohammad Ali Jinnah / |
| Statement of responsibility, etc. |
Atful Hye Shibly. |
| 260 ## - PUBLICATION, DISTRIBUTION, ETC. |
| Place of publication, distribution, etc. |
Dhaka : |
| Name of publisher, distributor, etc. |
Juned A. Choudhury, |
| Date of publication, distribution, etc. |
2011. |
| 300 ## - PHYSICAL DESCRIPTION |
| Extent |
xviii, 196 p. : |
| Other physical details |
ill. ; |
| Dimensions |
23 cm. |
| 504 ## - BIBLIOGRAPHY, ETC. NOTE |
| Bibliography, etc. note |
Includes bibliographical references (p. 167-173). |
| 546 ## - LANGUAGE NOTE |
| Language note |
Includes parts in Bengali. |
| 600 10 - SUBJECT ADDED ENTRY--PERSONAL NAME |
| Personal name |
Chaudhury, Abdul Matin, |
| Dates associated with a name |
1895-1948. |
| 610 20 - SUBJECT ADDED ENTRY--CORPORATE NAME |
| Corporate name or jurisdiction name as entry element |
All India Muslim League |
| Form subdivision |
Biography. |
| 650 #0 - SUBJECT ADDED ENTRY--TOPICAL TERM |
| Topical term or geographic name entry element |
Politicians |
| Geographic subdivision |
India |
| Form subdivision |
Biography. |
| 650 #0 - SUBJECT ADDED ENTRY--TOPICAL TERM |
| Topical term or geographic name entry element |
Pakistan movement. |
| 651 #0 - SUBJECT ADDED ENTRY--GEOGRAPHIC NAME |
| Geographic name |
India |
| General subdivision |
Politics and government |
| Chronological subdivision |
1919-1947. |
| 651 #0 - SUBJECT ADDED ENTRY--GEOGRAPHIC NAME |
| Geographic name |
India |
| General subdivision |
History |
| Chronological subdivision |
Partition, 1947. |
| 906 ## - LOCAL DATA ELEMENT F, LDF (RLIN) |
| a |
7 |
| b |
cbc |
| c |
origode |
| d |
3 |
| e |
ncip |
| f |
20 |
| g |
y-gencatlg |
| 942 ## - ADDED ENTRY ELEMENTS (KOHA) |
| Source of classification or shelving scheme |
Dewey Decimal Classification |
| Koha item type |
Books |